000 00323 a2200157 4500
001 175665
020 _a
040 _cMagnum
100 _aSilva, Alina C.
240 1 0 _aO puro-sangue ingles
_lpor
245 1 0 _aO puro-sangue ingles
362 0 _a1899
440 1 _aFTD
697 _aMAGNITO: I/ANIMAIS
942 _cBK
999 _c175665
_d175665